علی سردارجعفری / (Record no. 41433)

MARC details
000 -LEADER
fixed length control field 00715nam a22002297a 4500
005 - DATE AND TIME OF LATEST TRANSACTION
control field 20130404105930.0
008 - FIXED-LENGTH DATA ELEMENTS--GENERAL INFORMATION
fixed length control field 081119t xxu||||| |||| 00| 0 ur d
010 ## - LCCN (DPL NO)
LC control number UR-7694
020 ## - INTERNATIONAL STANDARD BOOK NUMBER
Terms of availability 500.00
International Standard Book Number 81-89461-67-2
035 ## - SYSTEM CONTROL NUMBER
System control number U-6249
037 ## - SOURCE OF ACQUISITION
Stock number DBAD/PUB
040 ## - CATALOGING SOURCE
Original cataloging agency DPL
Language of cataloging UR
082 ## - DEWEY DECIMAL CLASSIFICATION NUMBER
Edition number 840.8
100 ## - MAIN ENTRY--PERSONAL NAME
Personal name عمر رضا
9 (RLIN) 9405
245 ## - TITLE STATEMENT
Title علی سردارجعفری /
Statement of responsibility, etc عمر رضا
246 ## - VARYING FORM OF TITLE
Title proper/short title Ali Sardar Jafri /
Remainder of title by Mohammad Umar Raza
260 ## - PUBLICATION, DISTRIBUTION, ETC. (IMPRINT)
Place of publication, distribution, etc دہلی
Name of publisher, distributor, etc کتابی دنیا
Date of publication, distribution, etc 2007
270 ## - ADDRESS
Address 1955, Gali Nawab Mirza, Turkman Gate
City Delhi
Postal code 110006
300 ## - PHYSICAL DESCRIPTION
Extent 510 ص
Dimensions 22 س م (Hb)
650 ## - SUBJECT ADDED ENTRY--TOPICAL TERM
Topical term or geographic name as entry element Literary autobiography
9 (RLIN) 9406
942 ## - ADDED ENTRY ELEMENTS (KOHA)
Source of classification or shelving scheme Dewey Decimal Classification
Item type Urdu Bks
Classification part 840.8
Call number suffix ج ع ق
Holdings
Withdrawn status Lost status Source of classification or shelving scheme Damaged status Not for loan Collection code Home library Current library Date acquired Source of acquisition Cost, normal purchase price Total Checkouts Full call number Barcode Date last seen Copy number Cost, replacement price Koha item type
    Dewey Decimal Classification   Not For Loan Non-fiction D.B.Act.Division D.B.Act.Division 12/08/2010 DBAD/PUB 500.00   842.08 ج ع ق U-6249 12/08/2010 1 500.00 Urdu Bks

© Delhi Public Library
Hit Counter
free hit counter